Feedback control of dynamic systems (Record no. 209)
[ view plain ]
| 000 -LEADER | |
|---|---|
| Fixed length control field | 00547nam a2200193 4500 |
| 003 - CONTROL NUMBER IDENTIFIER | |
| Control field | SEACOMEC |
| 005 - DATE AND TIME OF LATEST TRANSACTION | |
| Control field | 20240417145418.0 |
| 008 - FIXED-LENGTH DATA ELEMENTS--GENERAL INFORMATION | |
| Fixed length control field | 231007b |||||||| |||| 00| 0 eng d |
| 040 ## - CATALOGING SOURCE | |
| Original cataloging agency | SEACOMEC |
| 082 ## - DEWEY DECIMAL CLASSIFICATION NUMBER | |
| Classification number | 629.13 |
| Book Number | F831 |
| 100 1# - MAIN ENTRY--PERSONAL NAME | |
| Personal name | Franklin, Gene F. |
| 245 1# - TITLE STATEMENT | |
| Title | Feedback control of dynamic systems |
| Statement of responsibility | Gene F. Franklin, J. David Powell and Abbas Emami-Naeini |
| 250 ## - EDITION STATEMENT | |
| Edition statement | 4th ed. |
| 260 ## - IMPRINT | |
| Place of publication | Delhi |
| Name of publisher | Pearson |
| Date of publication | 2005 |
| 650 ## - SUBJECT ADDED ENTRY--TOPICAL TERM | |
| Topical term | Engineering |
| Form subdivision | Aeronautics |
| 700 1# - ADDED ENTRY--PERSONAL NAME | |
| Personal name | Powell, J. David |
| 700 1# - ADDED ENTRY--PERSONAL NAME | |
| Personal name | Emami-Naeini, Abbas |
| 942 ## - ADDED ENTRY ELEMENTS (KOHA) | |
| Koha item type | Books |
| Withdrawn status | Lost status | Source of classification | Damaged status | Not for loan | Home library | Current library | Date acquired | Total Checkouts | Call number | Accession number | Date last seen | Price effective from | Koha item type |
|---|---|---|---|---|---|---|---|---|---|---|---|---|---|
| Dewey Decimal Classification | SEACOM ENGINEERING COLLEGE | SEACOM ENGINEERING COLLEGE | 04/08/2006 | 629.13 F831 | 5178 | 17/04/2024 | 17/04/2024 | Books |
